Statistiques concernant Villes d'Indonésie de plus d'un million d'habitants sur une carte

Cliquez ici pour prendre le quiz!

Statistiques générales

  • Ce quiz a été pris 159 fois
  • Le résultat moyen est 6 sur 15

Réponses sur la Carte

Les réponses sont colorées sur une échelle allant du rouge au vert en fonction du pourcentage des utilisateurs qui les ont devinées à leur premier essai. Vous pouvez retrouver ces pourcentages ci-dessous.
 

Statistiques - réponses

VillePopulation% Correct
Jakarta10,562,088
100%
Bandung2,444,160
75%
Surabaya2,874,314
74%
Medan2,435,252
62%
Makassar1,423,877
45%
Semarang1,653,524
45%
Yogyakarta1,373,589
41%
Palembang1,668,848
37%
Batam1,196,396
32%
Bogor1,043,070
29%
Bandar Lampung1,166,066
22%
Depok2,056,335
22%
Tangerang1,895,486
21%
Bekasi2,543,676
19%
Tangerang du Sud1,354,350
10%

Distribution des résultats

Percentile par nombre de réponses

% des personnes avec chaque résultat

Votre développement - résultats

Vous n’avez pas pris ce quiz